| 000 | 00915nam a22002537a 4500 | ||
|---|---|---|---|
| 005 | 20251108173044.0 | ||
| 008 | 250721s2004 xx 000 0 ara d | ||
| 082 | 1 | 4 | _a913.565/ كون |
| 100 | 1 | _aكوندر، | |
| 245 | 1 | 0 | _aأعمال المساحة في شرق الأردن (1880) م / |
| 264 | 1 |
_aعمان : _bدار مجدلاوي للنشر و التوزيع، _c2004. |
|
| 300 | _a2ج. | ||
| 490 | 0 |
_aكتاب الشهر : سلسلة كتب ثقافية تصدرها وزارة الثقافة _v90 |
|
| 500 | _aهذا الكتاب باللغتين العربية و الإنجليزية | ||
| 650 | 1 | 7 | _aالجغرافيا الطبيعية |
| 650 | 1 | 7 | _aالمساحة |
| 650 | 1 | 7 | _aالمدن |
| 650 | 1 | 7 | _aالتوزيع الجغرافي |
| 650 | 1 | 7 | _aالآثار |
| 650 | 1 | 7 | _aالأردن |
| 700 | 1 |
_aالعبادي، أحمد عويدي _etran. |
|
| 942 |
_2ddc _cBK |
||
| 999 |
_c95007 _d95007 |
||